header

When whites riot (Record no. 7076)

MARC details
000 -LEADER
fixed length control field 01794nam a2200421 a 4500
001 - CONTROL NUMBER
control field ebr10700292
003 - CONTROL NUMBER IDENTIFIER
control field CaPaEBR
006 - FIXED-LENGTH DATA ELEMENTS--ADDITIONAL MATERIAL CHARACTERISTICS--GENERAL INFORMATION
fixed length control field m o u
007 - PHYSICAL DESCRIPTION FIXED FIELD--GENERAL INFORMATION
fixed length control field cr cn|||||||||
008 - FIXED-LENGTH DATA ELEMENTS--GENERAL INFORMATION
fixed length control field 150303s2001 wiuao sb 001 0 eng d
020 ## - INTERNATIONAL STANDARD BOOK NUMBER
Cancelled/invalid ISBN 9780299173944
Cancelled/invalid ISBN 9780299173937 (e-book)
040 ## - CATALOGING SOURCE
Original cataloging agency CaPaEBR
Transcribing agency CaPaEBR
035 ## - SYSTEM CONTROL NUMBER
System control number (OCoLC)606603373
043 ## - GEOGRAPHIC AREA CODE
Geographic area code n-us---
-- f-sa---
050 14 - LIBRARY OF CONGRESS CALL NUMBER
Classification number E184.A1
Item number .S664 2001eb
082 04 - DEWEY DECIMAL CLASSIFICATION NUMBER
Classification number 305.800973
Edition number 21
100 1# - MAIN ENTRY--PERSONAL NAME
Personal name Smith McKoy, Sheila.
245 10 - TITLE STATEMENT
Title When whites riot
Medium [electronic resource] :
Remainder of title writing race and violence in American and South African cultures /
Statement of responsibility, etc Sheila Smith McKoy.
260 ## - PUBLICATION, DISTRIBUTION, ETC. (IMPRINT)
Place of publication, distribution, etc Madison, Wis. :
Name of publisher, distributor, etc University of Wisconsin Press,
Date of publication, distribution, etc c2001.
300 ## - PHYSICAL DESCRIPTION
Extent 1 online resource (xii, 170 p.) :
Other physical details ill., photographs.
504 ## - BIBLIOGRAPHY, ETC. NOTE
Bibliography, etc Includes bibliographical references and index.
533 ## - REPRODUCTION NOTE
Type of reproduction Electronic reproduction.
Place of reproduction Palo Alto, Calif. :
Agency responsible for reproduction ebrary,
Date of reproduction 2015.
Note about reproduction Available via World Wide Web.
-- Access may be limited to ebrary affiliated libraries.
588 ## - SOURCE OF DESCRIPTION NOTE
Source of description note Description based on online resource; title from title page (ebrary, viewed May 24, 2013).
650 #0 - SUBJECT ADDED ENTRY--TOPICAL TERM
Topical term or geographic name as entry element Whites
Geographic subdivision United States
General subdivision History.
Topical term or geographic name as entry element Riots
Geographic subdivision United States
General subdivision History.
Topical term or geographic name as entry element Racism
Geographic subdivision United States.
Topical term or geographic name as entry element Mass media and race relations
General subdivision United States.
Topical term or geographic name as entry element Whites
Geographic subdivision South Africa
General subdivision History.
Topical term or geographic name as entry element Riots
Geographic subdivision South Africa
General subdivision History.
Topical term or geographic name as entry element Racism
Geographic subdivision South Africa.
Topical term or geographic name as entry element Mass media and race relations
Geographic subdivision South Africa.
651 #0 - SUBJECT ADDED ENTRY--GEOGRAPHIC NAME
Geographic name United States
General subdivision Race relations.
Geographic name South Africa
General subdivision Race relations.
655 #7 - INDEX TERM--GENRE/FORM
Genre/form data or focus term Electronic books.
Source of term local
710 2# - ADDED ENTRY--CORPORATE NAME
Corporate name or jurisdiction name as entry element ebrary, Inc.
856 40 - ELECTRONIC LOCATION AND ACCESS
Uniform Resource Identifier <a href="http://site.ebrary.com/lib/rucke/Doc?id=10700292">http://site.ebrary.com/lib/rucke/Doc?id=10700292</a>
Public note An electronic book accessible through the World Wide Web; click to view

No items available.

© 2026 Rongo University
Contact us: librarian | system librarian | Rongo university